[Event "PERLA BALTYKU"]
[Site "Lazy"]
[Date "2013.07.03"]
[Round "4.12"]
[White "Stankiewicz, Pawel"]
[Black "Karwowski, Kacper"]
[Result "1-0"]
[WhiteElo "2070"]
[BlackElo "1930"]
[PlyCount "81"]
[EventDate "2013.??.??"]

1. g3 Nf6 2. Bg2 e6 3. d3 Be7 4. Nd2 O-O 5. Ngf3 d5 6. O-O c5 7. e4 Nc6 8. e5
Nd7 9. Re1 Qc7 10. Qe2 b6 11. h4 Ba6 12. c3 Rae8 13. Bh3 Kh8 14. Nf1 f5 15. Bf4
Nd8 16. Ne3 Bb7 17. Ng2 Nf7 18. h5 Qd8 19. Bxf5 exf5 20. e6 Ng5 21. exd7 Nxf3+
22. Qxf3 Qxd7 23. h6 g6 24. Be5+ Kg8 25. d4 Bg5 26. Bg7 Rxe1+ 27. Nxe1 Re8 28.
Nd3 c4 29. Ne5 Qb5 30. Qe2 Qc6 31. Qf3 Qb5 32. Re1 Qxb2 33. Kg2 Qb5 34. g4 Bc8
35. a4 Qxa4 36. Qxd5+ Be6 37. Qd6 Qb5 38. Nf3 fxg4 39. Nxg5 Bd5+ 40. Kh2 Rxe1
41. Qf8# 1-0

[Event "PERLA BALTYKU"]
[Site "Lazy"]
[Date "2013.07.03"]
[Round "4.13"]
[White "Ivanova, Karina"]
[Black "Poswiatowski, Michal"]
[Result "0-1"]
[WhiteElo "2014"]
[BlackElo "2067"]
[PlyCount "108"]
[EventDate "2013.??.??"]

1. d4 Nf6 2. Nf3 c5 3. c4 cxd4 4. Nxd4 e5 5. Nf3 Nc6 6. Nc3 e4 7. Nd4 Bc5 8. e3
O-O 9. Be2 Qe7 10. O-O Qe5 11. Nb3 Bd6 12. g3 Qe6 13. Nd5 Be5 14. Nc5 Qe8 15.
Nxf6+ Bxf6 16. Qd5 Ne7 17. Qxe4 d6 18. Nd3 Qa4 19. Qf4 Be6 20. b3 Qa5 21. Nb2
Ng6 22. Qf3 d5 23. cxd5 Ne5 24. Qg2 Bxd5 25. e4 Bxb3 26. Be3 Nf3+ 27. Qxf3 Bxb2
28. Rab1 Qxa2 29. Bd3 Rfd8 30. Qe2 Bd4 31. Bg5 Rd7 32. Qg4 Be6 33. Qf3 h6 34.
Bf4 a6 35. e5 g6 36. Bxh6 Bxe5 37. Qe4 Qd5 38. Qe3 Bd4 39. Qe4 b5 40. Qh4 Bf5
41. Bxf5 Qxf5 42. Rb4 Bf6 43. Qf4 Qxf4 44. Rxf4 Bg7 45. Bg5 a5 46. Re1 a4 47.
Rfe4 Bc3 48. R1e3 b4 49. Re8+ Rxe8 50. Rxe8+ Kg7 51. Ra8 a3 52. Kg2 Bb2 53. Be3
b3 54. Bc5 a2 0-1

[Event "PERLA BALTYKU"]
[Site "Lazy"]
[Date "2013.07.03"]
[Round "4.14"]
[White "Januszkiewicz, Wojciech"]
[Black "Eggink, Mateusz"]
[Result "0-1"]
[WhiteElo "1830"]
[BlackElo "2044"]
[PlyCount "78"]
[EventDate "2013.??.??"]

1. e4 c5 2. Nf3 d6 3. d4 cxd4 4. Nxd4 Nf6 5. Nc3 a6 6. Bg5 e6 7. f4 h6 8. Bh4
Qb6 9. Qd2 Qxb2 10. Rb1 Qa3 11. Be2 Nbd7 12. O-O Be7 13. Kh1 Qc5 14. Bf2 Qc7
15. Bf3 Rb8 16. Rfe1 Nc5 17. e5 dxe5 18. fxe5 Nh7 19. Ne4 Nxe4 20. Rxe4 Ng5 21.
Rg4 Bd7 22. Be2 f5 23. exf6 Bxf6 24. Bd3 O-O 25. Bg3 e5 26. Nf5 Rbd8 27. Qe2
Qa5 28. h4 e4 29. Bc4+ Kh8 30. Nxh6 gxh6 31. Rxg5 hxg5 32. Qh5+ Kg7 33. Bd6 Bc6
34. Bxf8+ Rxf8 35. Be6 Qe5 36. Qg4 Qf4 37. Qd1 Be5 38. Rxb7+ Bxb7 39. Qd7+ Kh8
0-1

[Event "PERLA BALTYKU"]
[Site "Lazy"]
[Date "2013.07.03"]
[Round "4.15"]
[White "Kaczorowski, Piotr"]
[Black "Kovalev, Egor"]
[Result "1/2-1/2"]
[WhiteElo "2058"]
[BlackElo "2099"]
[PlyCount "67"]
[EventDate "2013.??.??"]

1. Nf3 Nf6 2. c4 c6 3. d4 d5 4. cxd5 cxd5 5. Nc3 Nc6 6. Bf4 a6 7. e3 b5 8. Rc1
Bb7 9. Bd3 e6 10. O-O Be7 11. Ne5 Nxe5 12. Bxe5 O-O 13. a3 Rc8 14. b4 Nd7 15.
Qb3 Nxe5 16. dxe5 Qb6 17. Ne2 f6 18. exf6 Bxf6 19. a4 bxa4 20. Qxa4 e5 21. Ng3
g6 22. b5 axb5 23. Qxb5 Qxb5 24. Bxb5 Rxc1 25. Rxc1 Rc8 26. Rxc8+ Bxc8 27. e4
d4 28. Bc4+ Kf8 29. Ne2 Bd7 30. f3 Ke7 31. Nc1 Bg5 32. Nd3 Be3+ 33. Kf1 Kd6 34.
h4 1/2-1/2

[Event "PERLA BALTYKU"]
[Site "Lazy"]
[Date "2013.07.03"]
[Round "4.16"]
[White "Wasik, Piotr"]
[Black "Pietruszewski, Marcin"]
[Result "0-1"]
[WhiteElo "1990"]
[BlackElo "2099"]
[PlyCount "156"]
[EventDate "2013.??.??"]

1. e4 c5 2. Nf3 e6 3. d4 cxd4 4. Nxd4 a6 5. c4 Nf6 6. Nc3 d6 7. Be3 b6 8. Be2
Bb7 9. f3 Nbd7 10. O-O Be7 11. Qd2 O-O 12. Rfd1 Rc8 13. Rac1 Re8 14. Bf1 Qc7
15. Qf2 Kh8 16. a3 Rg8 17. b4 g5 18. h3 Ne5 19. Na4 g4 20. hxg4 Bxe4 21. fxe4
Nfxg4 22. Qd2 Nxe3 23. Qxe3 Bg5 24. Qc3 Bxc1 25. Rxc1 Rg4 26. Re1 b5 27. Nb2
bxc4 28. Nf3 Qa7+ 29. Kh2 Qf2 30. Nd3 cxd3 31. Qxc8+ Kg7 32. Qc3 f6 33. Qc7+
Kh6 34. Qc1+ Kh5 35. Re3 d2 36. Qc7 Qxe3 37. Qxh7+ Qh6 38. Qxh6+ Kxh6 39. Nxd2
a5 40. bxa5 Nc6 41. a6 d5 42. Kh3 Kg5 43. Nf3+ Kf4 44. exd5 exd5 45. Bb5 Na7
46. a4 Rg7 47. Kh2 Ke3 48. Nh4 Rh7 49. Kg3 Rh5 50. Be8 Rg5+ 51. Kh3 d4 52. Nf3
Rc5 53. Ne1 d3 54. Nxd3 Kxd3 55. g4 Kc4 56. Kh4 Kb4 57. Bd7 Ka5 58. Bf5 Kxa6
59. Kh5 Rc6 60. g5 fxg5 61. Kxg5 Ka5 62. Bd7 Rd6 63. Be8 Rd8 64. Bf7 Kxa4 65.
Kf6 Kb4 66. Ke5 Kc5 67. Bg6 Nc6+ 68. Ke4 Rd4+ 69. Ke3 Ne5 70. Bf5 Nc4+ 71. Ke2
Kd5 72. Bg6 Ke5 73. Bh7 Kf4 74. Bg8 Rd2+ 75. Ke1 Ke3 76. Bxc4 Rc2 77. Bb3 Rc1+
78. Bd1 Rb1 0-1

[Event "PERLA BALTYKU"]
[Site "Lazy"]
[Date "2013.07.03"]
[Round "4.18"]
[White "Malaczek, Mateusz"]
[Black "Krainski, Slawomir"]
[Result "1/2-1/2"]
[WhiteElo "1849"]
[BlackElo "2035"]
[PlyCount "65"]
[EventDate "2013.??.??"]

1. c4 Nf6 2. g3 c6 3. Nf3 d5 4. b3 Bf5 5. Bb2 e6 6. Bg2 Be7 7. O-O h6 8. d4 O-O
9. Nbd2 a5 10. a3 Nbd7 11. Re1 Ne4 12. Nxe4 Bxe4 13. Nd2 Bxg2 14. Kxg2 f5 15.
f3 Bg5 16. e4 Bxd2 17. Qxd2 fxe4 18. fxe4 Nf6 19. exd5 exd5 20. Rf1 Qd7 21. Qd3
a4 22. Bc1 axb3 23. Qxb3 Rae8 24. Ra2 Ne4 25. Rxf8+ Rxf8 26. cxd5 cxd5 27. Bf4
Qf5 28. Qd3 Qg4 29. h3 Qg6 30. Be5 h5 31. Rb2 Qf7 32. h4 Qd7 33. Qb3 1/2-1/2

[Event "PERLA BALTYKU"]
[Site "Lazy"]
[Date "2013.07.03"]
[Round "4.19"]
[White "Smieszek, Wojciech"]
[Black "Nowak, Ryszard"]
[Result "0-1"]
[WhiteElo "1843"]
[BlackElo "2010"]
[PlyCount "86"]
[EventDate "2013.??.??"]

1. e4 c6 2. d4 d5 3. Nc3 dxe4 4. Nxe4 Nd7 5. Ng5 e6 6. Bd3 Be7 7. N1f3 h6 8.
Nxe6 fxe6 9. Bg6+ Kf8 10. O-O Bf6 11. Qe2 Ne7 12. Bh5 g6 13. Bg4 Nf5 14. b3 Kg7
15. Bb2 c5 16. Rad1 Nxd4 17. Bxd4 cxd4 18. Nxd4 Bxd4 19. Rxd4 Qf6 20. Rfd1 Ne5
21. Bh3 Nf7 22. R4d3 Rd8 23. Rxd8 Nxd8 24. f4 Nc6 25. Qc4 Qe7 26. Re1 e5 27.
Bxc8 Rxc8 28. fxe5 Re8 29. e6 Qd6 30. Qe4 Qd4+ 31. Qxd4+ Nxd4 32. Rd1 Nc6 33.
b4 Rxe6 34. b5 Ne5 35. Rd8 Re7 36. Rc8 Kf6 37. c4 Ke6 38. c5 Kd5 39. b6 a6 40.
Rc7 Nc6 41. Rc8 Kxc5 42. Rh8 h5 43. Rg8 Ne5 0-1

[Event "PERLA BALTYKU"]
[Site "Lazy"]
[Date "2013.07.03"]
[Round "4.20"]
[White "Nowak, Maciej"]
[Black "Jacek, Roksana"]
[Result "1/2-1/2"]
[WhiteElo "2010"]
[BlackElo "1835"]
[PlyCount "71"]
[EventDate "2013.??.??"]

1. d4 Nf6 2. c4 c5 3. d5 b5 4. cxb5 a6 5. b6 e6 6. Nc3 Nxd5 7. Nxd5 exd5 8.
Qxd5 Nc6 9. Nf3 Rb8 10. e4 Be7 11. Bc4 O-O 12. O-O Rxb6 13. Rd1 Nb4 14. Qd2 d6
15. a3 Nc6 16. Qc3 Bf6 17. Qd2 Nd4 18. Nxd4 Bxd4 19. Kh1 Be6 20. Bxe6 fxe6 21.
f3 Qh4 22. Qg5 Qxg5 23. Bxg5 Rxb2 24. Be7 Rf7 25. Bxd6 Rb6 26. Rxd4 cxd4 27.
Bc5 Rb3 28. Bxd4 Rc7 29. h4 Rc2 30. Be5 Rc5 31. Bd6 Rcb5 32. Kh2 Rb1 33. Ra2
R5b2 34. Rxb2 Rxb2 35. h5 Kf7 36. e5 1/2-1/2

[Event "PERLA BALTYKU"]
[Site "Lazy"]
[Date "2013.07.03"]
[Round "4.21"]
[White "Tselkovskiy, Kirill"]
[Black "Galaktionov, Artem"]
[Result "1/2-1/2"]
[WhiteElo "2027"]
[BlackElo "1943"]
[PlyCount "37"]
[EventDate "2013.??.??"]

1. b4 Nf6 2. Bb2 e6 3. b5 d5 4. e3 a6 5. a4 axb5 6. axb5 Rxa1 7. Bxa1 c6 8. Nf3
Bd7 9. bxc6 bxc6 10. c4 Bd6 11. Bd3 O-O 12. Qc2 h6 13. c5 Bc7 14. O-O Qe7 15.
Ne5 Bc8 16. f4 Nbd7 17. Nxc6 Qxc5 18. Rc1 Bd6 19. Bd4 1/2-1/2

[Event "PERLA BALTYKU"]
[Site "Lazy"]
[Date "2013.07.03"]
[Round "4.22"]
[White "Szewczyk, Mariusz"]
[Black "Smal, Tobiasz"]
[Result "0-1"]
[WhiteElo "2047"]
[BlackElo "1893"]
[PlyCount "88"]
[EventDate "2013.??.??"]

1. e4 e5 2. Nf3 Nc6 3. Bb5 a6 4. Ba4 Nf6 5. O-O Be7 6. Re1 b5 7. Bb3 d6 8. c3
O-O 9. h3 Nb8 10. d4 Nbd7 11. Bc2 Bb7 12. Nbd2 Re8 13. Nf1 Bf8 14. Ng3 g6 15.
d5 c6 16. dxc6 Bxc6 17. Be3 Qc7 18. Qe2 Qb7 19. Bg5 h6 20. Bxf6 Nxf6 21. Bb3 a5
22. c4 b4 23. Bc2 a4 24. b3 Nd7 25. h4 axb3 26. axb3 h5 27. Nf1 Nc5 28. N1d2
Ne6 29. g3 Be7 30. Qe3 Bd8 31. Qd3 Qb8 32. Rxa8 Bxa8 33. Ra1 Bb6 34. Ne1 Bd4
35. Ra2 Qb6 36. Qe2 Bc6 37. Nd3 Qb7 38. g4 hxg4 39. Qxg4 Bc3 40. Qe2 Nd4 41.
Qe3 Ra8 42. Rxa8+ Qxa8 43. Ne1 Qa1 44. Kg2 Qb2 0-1

[Event "PERLA BALTYKU"]
[Site "Lazy""]
[Date "2013-07-04"]
[Round "5.1"]
[White "Weichhold, Pawel"]
[Black "Warakomski, Tomasz"]
[Result "0-1"]
[WhiteElo "2382"]
[BlackElo "2488"]
[PlyCount "54"]
[EventDate "2013.??.??"]

1. e4 e5 2. Nf3 Nc6 3. d4 exd4 4. Nxd4 Qf6 5. Nb3 Qg6 6. Qe2 a5 7. a4 Nf6 8.
Bf4 Be7 9. Nc3 Bb4 10. O-O-O Bxc3 11. bxc3 O-O 12. f3 d5 13. exd5 Qf5 14. Bd2
Nxd5 15. g4 Qf6 16. g5 Qd6 17. Qe4 g6 18. Kb2 Bf5 19. Qh4 Ne3 20. Rc1 Nxf1 21.
Rhxf1 Ne5 22. Qd4 Qe6 23. Bf4 Nc4+ 24. Ka1 Rfd8 25. Qf6 Qe8 26. Nc5 b6 27. Rfe1
Qf8 0-1

[Event "PERLA BALTYKU"]
[Site "Lazy""]
[Date "2013.07.04"]
[Round "5.2"]
[White "Aliavdin, Nikolai"]
[Black "Shishkin, Vadim"]
[Result "1/2-1/2"]
[WhiteElo "2349"]
[BlackElo "2502"]
[PlyCount "139"]
[EventDate "2013.??.??"]

1. e4 c5 2. Nf3 d6 3. d4 cxd4 4. Nxd4 Nf6 5. Nc3 e6 6. Be3 Be7 7. f4 O-O 8. Qf3
Nc6 9. O-O-O Qc7 10. g4 Nxd4 11. Bxd4 e5 12. fxe5 dxe5 13. Qg3 Nxg4 14. Nd5 Qd6
15. Bc3 Qh6+ 16. Bd2 Bg5 17. Ne7+ Kh8 18. Nxc8 Bxd2+ 19. Rxd2 Rd8 20. Bd3 Nf6
21. Nd6 Rxd6 22. Qxe5 Nd7 23. Qf5 f6 24. Rhd1 Ne5 25. Kb1 Rad8 26. Rf2 g6 27.
Qf4 Qxf4 28. Rxf4 Kg7 29. Rdf1 g5 30. Rf5 h6 31. a3 a6 32. Ka2 Rc8 33. R1f2
Rcc6 34. Bf1 Rd1 35. h3 Rcd6 36. c4 b6 37. Rc2 Re1 38. c5 bxc5 39. Rxc5 Rxe4
40. Ra5 Kg6 41. Rf2 Rf4 42. Rxf4 gxf4 43. Rxa6 Rd1 44. Be2 Rd2 45. Bb5 f3 46.
Ra8 f2 47. Rc8 Nd3 48. Bxd3+ Rxd3 49. Rc1 Kf5 50. a4 Ke4 51. a5 Kf3 52. b4 Ke2
53. a6 Rd1 54. Rxd1 Kxd1 55. a7 f1=Q 56. a8=Q Qc4+ 57. Ka3 Qc3+ 58. Ka2 Qc4+
59. Ka3 Qc3+ 60. Ka2 Qxb4 61. Qf3+ Kd2 62. Qxf6 Qc4+ 63. Kb2 Qc2+ 64. Ka1 Qa4+
65. Kb2 Qb4+ 66. Ka2 Qc4+ 67. Kb2 Qb5+ 68. Ka2 Qa4+ 69. Kb2 Qb4+ 70. Ka2
1/2-1/2

[Event "PERLA BALTYKU"]
[Site "Lazy""]
[Date "2013.07.04"]
[Round "5.3"]
[White "Majdan-Gajewska, Joanna"]
[Black "Sieciechowicz, Marcin"]
[Result "1/2-1/2"]
[WhiteElo "2375"]
[BlackElo "2462"]
[PlyCount "52"]
[EventDate "2013.??.??"]

1. e4 c5 2. Nf3 d6 3. d4 cxd4 4. Nxd4 Nf6 5. Nc3 a6 6. Bg5 e6 7. f4 Qb6 8. Qd2
Qxb2 9. Rb1 Qa3 10. e5 h6 11. Bh4 dxe5 12. fxe5 Nfd7 13. Be2 Be7 14. Bg3 O-O
15. O-O Bc5 16. Ne4 Bxd4+ 17. Qxd4 Nc6 18. Qd2 Ndxe5 19. Rb3 Qe7 20. Nf6+ gxf6
21. Qxh6 Ng6 22. Bh4 Rd8 23. Rxf6 Qc5+ 24. Bf2 Qxc2 25. h4 Nce5 26. Rg3 Qxe2
1/2-1/2

[Event "PERLA BALTYKU"]
[Site "Lazy""]
[Date "2013.07.04"]
[Round "5.4"]
[White "Urban, Klaudiusz"]
[Black "Bugalski, Michal"]
[Result "1-0"]
[WhiteElo "2462"]
[BlackElo "2161"]
[PlyCount "96"]
[EventDate "2013.??.??"]

1. Nf3 Nf6 2. c4 b6 3. g3 Bb7 4. Bg2 e6 5. O-O Be7 6. d4 O-O 7. Re1 d6 8. d5
exd5 9. Nh4 Ne4 10. cxd5 f5 11. Nf3 c5 12. dxc6 Nxc6 13. Nbd2 Bf6 14. Nxe4 fxe4
15. Qd5+ Rf7 16. Qxe4 Qd7 17. Ng5 Bxg5 18. Bxg5 Re8 19. Qh4 Ne5 20. Bxb7 Qxb7
21. Rad1 h6 22. Be3 Qa6 23. Rxd6 Qxa2 24. Rd8 Rff8 25. Rxe8 Rxe8 26. Qd4 Qa5
27. Rd1 Qb5 28. Re1 h5 29. Bd2 Nc6 30. Qd7 Re7 31. Qc8+ Kh7 32. Bc3 Qd5 33. h4
b5 34. Qf8 b4 35. Bxb4 Rf7 36. Qc5 Qe4 37. Qxh5+ Kg8 38. Bc3 Nd4 39. Bxd4 Qxd4
40. e3 Qxb2 41. Qe2 Qc3 42. Rd1 Rf8 43. Qa2+ Kh8 44. Qxa7 Qc2 45. Rf1 Qe2 46.
Qb7 Rf6 47. Qa8+ Kh7 48. Qe4+ Kh8 1-0

[Event "PERLA BALTYKU"]
[Site "Lazy""]
[Date "2013.07.04"]
[Round "5.5"]
[White "Kanarek, Marcel"]
[Black "Stankiewicz, Pawel"]
[Result "1/2-1/2"]
[WhiteElo "2478"]
[BlackElo "2070"]
[PlyCount "56"]
[EventDate "2013.??.??"]

1. d4 Nf6 2. c4 g6 3. Nc3 Bg7 4. e4 d6 5. Be2 O-O 6. Nf3 e5 7. O-O Nc6 8. d5
Ne7 9. Ne1 Nd7 10. Nd3 f5 11. f3 f4 12. Bd2 g5 13. Rc1 h5 14. h3 Ng6 15. c5
Nxc5 16. Nxc5 dxc5 17. Na4 b6 18. b4 c6 19. bxc5 cxd5 20. exd5 g4 21. fxg4 hxg4
22. hxg4 e4 23. Bc3 f3 24. Bxg7 fxe2 25. Qxe2 Kxg7 26. Qxe4 bxc5 27. Nxc5 Rxf1+
28. Rxf1 Qd6 1/2-1/2

[Event "PERLA BALTYKU"]
[Site "Lazy""]
[Date "2013.07.04"]
[Round "5.6"]
[White "Poswiatowski, Michal"]
[Black "Chojnacki, Krzysztof"]
[Result "1/2-1/2"]
[WhiteElo "2067"]
[BlackElo "2442"]
[PlyCount "71"]
[EventDate "2013.??.??"]

1. e4 e5 2. Nf3 Nc6 3. Bb5 a6 4. Ba4 Nf6 5. Bxc6 dxc6 6. d3 Bd6 7. Nbd2 Be6 8.
d4 Nd7 9. O-O Qe7 10. Qe2 O-O-O 11. c3 g5 12. Qe3 exd4 13. Nxd4 Bf4 14. Qe2 Ne5
15. Re1 Bg4 16. f3 Bd7 17. N2b3 Ng6 18. Qc4 g4 19. Bxf4 Nxf4 20. fxg4 Rhg8 21.
Qc5 Qxc5 22. Nxc5 Rxg4 23. g3 b6 24. Nxd7 Rxd7 25. Rad1 c5 26. Nc6 Rg8 27. Na7+
Kd8 28. Nc6+ Ke8 29. Ne5 Re7 30. Nc6 Rd7 31. Ne5 Rxd1 32. Rxd1 Ne6 33. Kf2 Rg5
34. Nf3 Rg4 35. Ke3 f6 36. Rd5 1/2-1/2

[Event "PERLA BALTYKU"]
[Site "Lazy""]
[Date "2013.07.04"]
[Round "5.7"]
[White "Eggink, Mateusz"]
[Black "Nowicki, Bartosz"]
[Result "1/2-1/2"]
[WhiteElo "2044"]
[BlackElo "2157"]
[PlyCount "23"]
[EventDate "2013.??.??"]

1. e4 c5 2. Nf3 d6 3. d4 cxd4 4. Nxd4 Nf6 5. Nc3 a6 6. Be2 e5 7. Nb3 Be7 8. O-O
O-O 9. Be3 Be6 10. Qd2 Nbd7 11. a4 Qc7 12. a5 1/2-1/2

[Event "PERLA BALTYKU"]
[Site "Lazy""]
[Date "2013.07.04"]
[Round "5.8"]
[White "Zielinski, Wojciech"]
[Black "Adamowicz, Maciej"]
[Result "1/2-1/2"]
[WhiteElo "2145"]
[BlackElo "2036"]
[PlyCount "80"]
[EventDate "2013.??.??"]

1. b3 e5 2. Bb2 d6 3. e3 Nc6 4. Nf3 Be7 5. d4 exd4 6. Nxd4 Nxd4 7. Bxd4 Bf6 8.
Nc3 Bxd4 9. Qxd4 Qf6 10. O-O-O Qxd4 11. Rxd4 Be6 12. Bb5+ c6 13. Be2 O-O-O 14.
Rhd1 Kc7 15. Ne4 d5 16. c4 Ne7 17. Ng5 h6 18. Nxe6+ fxe6 19. Rg4 Rhg8 20. h4
Rdf8 21. Bf3 g6 22. h5 g5 23. Rd2 Rd8 24. cxd5 Nxd5 25. Bxd5 cxd5 26. Rgd4 Rgf8
27. Kd1 Kc6 28. Ke2 e5 29. Rb4 b6 30. Rc2+ Kd6 31. Ra4 Rd7 32. b4 Rff7 33. Ra3
Rc7 34. Rac3 e4 35. Rxc7 Rxc7 36. Rxc7 Kxc7 37. f4 gxf4 38. exf4 d4 39. g4 Kd7
40. g5 Ke7 1/2-1/2

[Event "PERLA BALTYKU"]
[Site "Lazy""]
[Date "2013.07.04"]
[Round "5.9"]
[White "Eggink, Ryszard"]
[Black "Mazalon, Mariusz"]
[Result "1-0"]
[WhiteElo "2121"]
[BlackElo "2029"]
[PlyCount "63"]
[EventDate "2013.??.??"]

1. d4 Nf6 2. c4 g6 3. Nc3 Bg7 4. e4 O-O 5. g3 d6 6. Bg2 c5 7. dxc5 dxc5 8. Qxd8
Rxd8 9. e5 Ng4 10. f4 Nc6 11. Bxc6 bxc6 12. Nge2 f6 13. h3 Nh6 14. exf6 exf6
15. Be3 Be6 16. b3 Rd3 17. Bxc5 Re8 18. Kf2 g5 19. Rad1 Rxd1 20. Nxd1 Bf5 21.
g4 Be4 22. Re1 Bd3 23. f5 Nf7 24. Nc1 Ne5 25. Rxe5 fxe5 26. Nxd3 e4 27. Nb4 Rd8
28. Ke2 Kf7 29. Bxa7 Bf8 30. Nxc6 Rc8 31. Ne5+ Ke8 32. Bd4 1-0

[Event "PERLA BALTYKU"]
[Site "Lazy""]
[Date "2013.07.04"]
[Round "5.10"]
[White "Pietruszewski, Marcin"]
[Black "Jacek, Krystian"]
[Result "0-1"]
[WhiteElo "2099"]
[BlackElo "2139"]
[PlyCount "118"]
[EventDate "2013.??.??"]

1. e4 c5 2. Nf3 e6 3. d4 cxd4 4. Nxd4 a6 5. Nc3 Qc7 6. Be2 Nc6 7. O-O Nf6 8.
Be3 Be7 9. f4 d6 10. a4 O-O 11. Qd2 Na5 12. Qd3 Nc6 13. Qc4 Bd7 14. a5 Rac8 15.
Nb3 Qb8 16. Qd3 Nb4 17. Qd2 Rfe8 18. Bf3 e5 19. f5 d5 20. exd5 Bxf5 21. d6 Rcd8
22. Nd5 Nbxd5 23. Bxd5 Rxd6 24. Rxf5 Rxd5 25. Qe2 e4 26. Raf1 Rxf5 27. Rxf5 Qc8
28. Rf1 Bd6 29. h3 Qe6 30. c4 Rc8 31. c5 Bc7 32. Qc2 Nd5 33. Bd4 Qg6 34. Qf2
Nf4 35. Kh1 Re8 36. Be3 Nd3 37. Qf5 Qxf5 38. Rxf5 Nxb2 39. Rd5 Rd8 40. Rxd8+
Bxd8 41. c6 bxc6 42. Bb6 Be7 43. Bc5 Bxc5 44. Nxc5 f5 45. Ne6 Nc4 46. Nd4 g6
47. Nxc6 Kf7 48. Kg1 Ke6 49. Kf2 Kd6 50. Nb4 Nxa5 51. Nxa6 Nc4 52. g3 Ke5 53.
Nc7 g5 54. Ne8 f4 55. g4 e3+ 56. Ke2 Nd6 57. Ng7 Ke4 58. Nh5 f3+ 59. Ke1 Kd3
0-1

[Event "PERLA BALTYKU"]
[Site "Lazy""]
[Date "2013.07.04"]
[Round "5.11"]
[White "Reza, Wojciech"]
[Black "Kowalski, Maciej"]
[Result "1-0"]
[WhiteElo "2122"]
[BlackElo "1908"]
[PlyCount "35"]
[EventDate "2013.??.??"]

1. d4 c5 2. e4 cxd4 3. Nf3 e5 4. c3 dxc3 5. Nxc3 Nc6 6. Bc4 Be7 7. Qd5 Qa5 8.
Qxf7+ Kd8 9. Qxg7 Bf6 10. Bg5 Qc5 11. Bxg8 Bxg5 12. Nxg5 Nd4 13. Qxh8 Nc2+ 14.
Ke2 Nxa1 15. Rxa1 b6 16. Bd5+ Kc7 17. Bxa8 Ba6+ 18. Kf3 1-0

[Event "PERLA BALTYKU"]
[Site "Lazy""]
[Date "2013.07.04"]
[Round "5.12"]
[White "Nowak, Ryszard"]
[Black "Bednarska-Bzdega, Malgorzata"]
[Result "1-0"]
[WhiteElo "2010"]
[BlackElo "2115"]
[PlyCount "113"]
[EventDate "2013.??.??"]

1. c4 Nf6 2. Nc3 d5 3. cxd5 Nxd5 4. g3 g6 5. Bg2 Nb6 6. Nf3 Bg7 7. d3 O-O 8.
O-O Nc6 9. Be3 e5 10. Qd2 Re8 11. Bh6 Bh8 12. e4 Be6 13. Rfd1 Qe7 14. Ng5 Rad8
15. Nxe6 Qxe6 16. Nd5 Qd6 17. Bg5 f6 18. Be3 Bg7 19. Rac1 Kh8 20. b4 Nxd5 21.
Bc5 Qd7 22. exd5 Ne7 23. Bxe7 Rxe7 24. Rc5 Bf8 25. Rdc1 Rf7 26. R5c4 Bd6 27.
Qc2 Qf5 28. b5 h5 29. h4 Qd7 30. Ra4 Qxb5 31. Rb1 Qc5 32. Qxc5 Bxc5 33. Rxb7
Bb6 34. Ra6 f5 35. a4 Kg7 36. a5 Bd4 37. Rc6 Rdd7 38. Rb8 Rd6 39. Rc8 Rdd7 40.
Kf1 Rfe7 41. Rc4 Kf6 42. f4 Bb2 43. Rf8+ Kg7 44. Ra8 exf4 45. gxf4 Re3 46. Rxa7
Rxd3 47. Rcxc7 Rxc7 48. Rxc7+ Kf6 49. a6 Ra3 50. Rc6+ Kf7 51. Rc7+ Kf6 52. d6
Bd4 53. Bd5 g5 54. hxg5+ Kg6 55. Bf7+ Kg7 56. d7 Ra1+ 57. Ke2 1-0

[Event "PERLA BALTYKU"]
[Site "Lazy""]
[Date "2013.07.04"]
[Round "5.13"]
[White "Adamowicz, Katarzyna"]
[Black "Kaczorowski, Piotr"]
[Result "1-0"]
[WhiteElo "2104"]
[BlackElo "2058"]
[PlyCount "71"]
[EventDate "2013.??.??"]

1. e4 Nf6 2. e5 Nd5 3. d4 d6 4. c4 Nb6 5. exd6 cxd6 6. Nc3 g6 7. Be3 Bg7 8. Rc1
O-O 9. b3 Nc6 10. d5 Ne5 11. Be2 a5 12. f4 Ned7 13. Nf3 Nf6 14. Nd4 Nbd7 15.
O-O Nc5 16. Bf3 Bd7 17. Kh1 Qc8 18. Re1 Bg4 19. Bg1 Re8 20. Ndb5 Bf5 21. Rxe7
Rxe7 22. Nxd6 Nd3 23. Nxc8 Rxc8 24. Rc2 Re1 25. Qd2 Rce8 26. h3 Nh5 27. Kh2
Nhxf4 28. Bg4 Be5 29. g3 Bxg4 30. hxg4 Bb8 31. c5 Ne5 32. Qxf4 Nd3 33. Qd2
Bxg3+ 34. Kxg3 Rxg1+ 35. Kh2 Ne1 36. Kxg1 1-0

[Event "PERLA BALTYKU"]
[Site "Lazy""]
[Date "2013.07.04"]
[Round "5.14"]
[White "Suliborski, Jakub"]
[Black "Jarmula, Pawel"]
[Result "1/2-1/2"]
[WhiteElo "2007"]
[BlackElo "2174"]
[PlyCount "51"]
[EventDate "2013.??.??"]

1. e4 c5 2. Nf3 d6 3. d4 cxd4 4. Nxd4 Nf6 5. Nc3 a6 6. Bg5 e6 7. f4 h6 8. Bh4
Qb6 9. Qd2 Qxb2 10. Rb1 Qa3 11. f5 Be7 12. fxe6 fxe6 13. Bc4 Nxe4 14. Nxe4
Bxh4+ 15. g3 Bg5 16. Nxg5 hxg5 17. Nxe6 Bxe6 18. Bxe6 Qxg3+ 19. hxg3 Rxh1+ 20.
Ke2 Rh2+ 21. Ke3 Rxd2 22. Kxd2 Ra7 23. Bd5 Nd7 24. Rxb7 Rxb7 25. Bxb7 Nc5 26.
Bf3 1/2-1/2

[Event "PERLA BALTYKU"]
[Site "Lazy""]
[Date "2013.07.04"]
[Round "5.15"]
[White "Kovalev, Egor"]
[Black "Malaczek, Mateusz"]
[Result "1-0"]
[WhiteElo "2099"]
[BlackElo "1849"]
[PlyCount "117"]
[EventDate "2013.??.??"]

1. Nf3 Nf6 2. g3 g6 3. d4 c5 4. Bg2 Bg7 5. O-O cxd4 6. Qxd4 Nc6 7. Qh4 d5 8.
Bh6 O-O 9. Nc3 Qa5 10. Ng5 Rd8 11. Rfd1 e6 12. Bxg7 Kxg7 13. Rd3 Qb4 14. Qxb4
Nxb4 15. Rd2 Bd7 16. Rad1 Nc6 17. e4 d4 18. e5 dxc3 19. exf6+ Kxf6 20. Rxd7
Kxg5 21. bxc3 Rxd7 22. Rxd7 Kf6 23. Rxb7 Rc8 24. Kf1 a5 25. f4 Ne7 26. Rb3 Nd5
27. Bxd5 exd5 28. Ke2 a4 29. Rb6+ Kf5 30. Kd3 Kg4 31. Rb7 Kh3 32. Rxf7 Kxh2 33.
Rxh7+ Kxg3 34. Rg7 Kxf4 35. Rxg6 Rc4 36. Rb6 Re4 37. Rb4 Kf3 38. a3 Kf4 39. c4
Re3+ 40. Kd4 Rxa3 41. cxd5 Ra1 42. Kc5+ Ke5 43. c4 a3 44. Rb6 a2 45. Re6+ Kf5
46. Re2 Kf6 47. d6 Kf7 48. d7 Rd1 49. Rxa2 Rxd7 50. Re2 Rd1 51. Kc6 Rc1 52. c5
Rd1 53. Kc7 Rc1 54. c6 Rd1 55. Kc8 Rc1 56. c7 Rb1 57. Ra2 Ke7 58. Ra7 Kd6 59.
Rb7 1-0

[Event "PERLA BALTYKU"]
[Site "Lazy""]
[Date "2013.07.04"]
[Round "5.16"]
[White "Smal, Tobiasz"]
[Black "Betkowski, Andrzej"]
[Result "1-0"]
[WhiteElo "1893"]
[BlackElo "2066"]
[PlyCount "113"]
[EventDate "2013.??.??"]

1. e4 e6 2. d4 d5 3. Nc3 Nc6 4. Nf3 Nf6 5. Bg5 Be7 6. e5 Ne4 7. Bxe7 Qxe7 8.
Bd3 Nxc3 9. bxc3 Na5 10. O-O h6 11. Nd2 O-O 12. f4 f5 13. exf6 Rxf6 14. Qh5 Bd7
15. Rae1 Qf7 16. Qe5 Rc8 17. c4 Nc6 18. Qe3 Nb4 19. Nf3 dxc4 20. Ne5 Qe8 21.
Be4 Ba4 22. Ng4 Rf8 23. Qc3 Qb5 24. Rb1 a5 25. a3 Nd5 26. Qg3 Qd7 27. Nxh6+ Kh8
28. Ng4 Nf6 29. Qh4+ Kg8 30. Nxf6+ Rxf6 31. Qh7+ Kf7 32. Qh5+ Ke7 33. Qc5+ Qd6
34. Rxb7 Qxc5 35. dxc5 e5 36. f5 Bc6 37. Bxc6 Rxc6 38. Rb5 Rd8 39. g4 Kf6 40.
Kg2 e4 41. Kg3 Ke5 42. g5 Rf8 43. Kg4 Rd8 44. Rxa5 Rd2 45. Ra8 Rg2+ 46. Kh4
Rxh2+ 47. Kg3 Rh5 48. Kg4 Rh2 49. c3 Rg2+ 50. Kh4 Kd5 51. Re8 Ra6 52. f6 gxf6
53. gxf6 Rh2+ 54. Kg3 Rh5 55. Kg4 Rh2 56. Rf5+ Kc6 57. f7 1-0

[Event "PERLA BALTYKU"]
[Site "Lazy""]
[Date "2013.07.04"]
[Round "5.17"]
[White "Krainski, Slawomir"]
[Black "Januszkiewicz, Wojciech"]
[Result "0-1"]
[WhiteElo "2035"]
[BlackElo "1830"]
[PlyCount "100"]
[EventDate "2013.??.??"]

1. d4 Nf6 2. Bf4 e6 3. e3 b6 4. Nf3 Bb7 5. Bd3 d5 6. Nbd2 Bd6 7. Ne5 a6 8. Qf3
Nc6 9. c3 Qe7 10. O-O Bxe5 11. dxe5 Nd7 12. Qg3 O-O-O 13. e4 Nc5 14. Bc2 d4 15.
b4 Nd7 16. Nb3 dxc3 17. a3 Rhg8 18. Qxc3 g5 19. Be3 Ndxe5 20. Nd4 g4 21. Nxc6
Nxc6 22. Rfc1 e5 23. Rd1 Kb8 24. Ba4 Nd4 25. Bxd4 exd4 26. Rxd4 Rxd4 27. Qxd4
Rd8 28. Qe3 Qxe4 29. Qxe4 Bxe4 30. Rd1 Rxd1+ 31. Bxd1 f5 32. f3 gxf3 33. gxf3
Bb1 34. Be2 Kb7 35. f4 b5 36. Kf2 Kb6 37. Kg3 c5 38. bxc5+ Kxc5 39. Kh4 a5 40.
Kg5 Bc2 41. Bh5 Kd4 42. Bf7 b4 43. axb4 axb4 44. h4 Ke4 45. h5 b3 46. Be6 h6+
47. Kxh6 b2 48. Ba2 Kxf4 49. Kg7 Ke3 50. h6 f4 0-1